1- Człowiek: część 1/6 - Statystyki

Ogólne statystyki
  • Ten quiz został rozwiązany 80 razy
  • Średni wynik to 20 z 38
Statystyki odpowiedzi
Hint Odpowiedź % Poprawnych
włosy hair
95%
brązowy brown
92%
brązowy brown
92%
stary old
92%
niebieski blue
90%
zielony green
88%
młody young
88%
Oczy Eyes
86%
niski short
86%
krótki short
86%
wiek age
85%
blond blond
85%
długi long
85%
ciemny dark
83%
wysoki tall
81%
szary grey
78%
kręcony curly
69%
łysy bald
59%
tłuszcz fat
58%
prosty straight
56%
wysokość/wzrost height
54%
nadwaga overweight
36%
szczupły slim
36%
falisty wavy
34%
chudy thin
31%
dobrze zbudowany well-built
27%
wygląd appearance
24%
koński ogon ponytail
22%
wysportowany fit
20%
kolczasty spiky
19%
pulchny plump
15%
Wczesne lata dwudzieste early twenties
14%
budowa ciała build
12%
w średnim wieku middle-aged
12%
do ramion shoulder-length
5%
warkocze plaits
3%
wiek 16-19 lat late teens
2%
średniego wzrostu of medium height
2%
Nie znaleziono quizów pasujących do podanych kryteriów
Rozkład punktacji
Procent ludzi z każdym wynikiem
Percentyl według liczby udzielonych odpowiedzi
Twoja historia wyników
Nie rozwiązałeś tego quizu